000 01374nam a22003257a 4500
005 20120517110411.0
008 120517t xxu||||| |||| 00| 0 eng d
010 _aENG-105298
020 _a9788124605196
_c950.00
020 _a812460519x
_c950.00
035 _aEN-88831
037 _bDBAD/PUB
040 _aDPL
_bEng
082 _a250
100 _aKakol, Peter Paul
_947159
_q1967-2002
245 _aEmptiness and becoming :
_cby Peter Paul Kakol ; foreword by Robert C. Naville ; preamble by Purushottama Bilimoria.
_bintegrating Mādhyamika Buddhism and process philosophy /
260 _aNew Delhi
_bD.K. Printworld
_c2009
270 _a'Srikunj', F-52, Bali Nagar, Ramesh Nagar Metro Station
_bNew Delhi
_e110015
300 _axxiii, 423p.
_c23cm(Hb)
490 _aEmerging perceptions in Buddhist studies ; |no. 22
_948316
500 _aOriginally presented as the author’s thesis (Ph. D.)--Deakin University, 2000.
500 _aIncludes bibliographical references (p. [375]-409) and index
650 _aSunyata
_947231
650 _aBecoming (Philosophy)
_947237
650 _aMādhyamika (Buddhism)
_947238
650 _aProcess philosophy.
_947239
700 _947196
942 _2ddc
_cEN
_mKAK
_h250
999 _c66770
_d66770